Catalog

Record Details

Catalog Search



Obecná psychologie : dílčí aspekty lidské psychiky a jejich orgánový základ  Cover Image Book Book

Obecná psychologie : dílčí aspekty lidské psychiky a jejich orgánový základ / Marie Vágnerová

Record details

  • ISBN: 978-80-246-3268-1
  • Physical Description: 413 stran : ilustrace ; 21 cm
  • Edition: Vydání první
  • Publisher: Praha : Univerzita Karlova, nakladatelství Karolinum, 2016

Content descriptions

Bibliography, etc. Note:
Obsahuje bibliografii, bibliografické odkazy a rejstříky
Subject: obecná psychologie
general psychology
Genre: učebnice
textbooks

Available copies

  • 2 of 2 copies available at Common Catalog SPOK.

Holds

  • 0 current holds with 2 total copies.
Show Only Available Copies
Location Call Number / Copy Notes Barcode Shelving Location Status Due Date
ETS Library 158 424470020250 Volný výběr Available -
Jabok Library Psy-3/V 424480039507 Odborná literatura Available -

LDR 01347nam a2200385 i 4500
00124664
003CZ-PrJAB
00520230616144127.0
007ta
008170106s2016 xr a e p 001 0 cze
015 . ‡acnb002865616
020 . ‡a978-80-246-3268-1 ‡q(brožováno)
035 . ‡a(CZ PrNK)nkc20162865616
035 . ‡a(OCoLC)972599099
040 . ‡aABA001 ‡bcze ‡erda
072 7. ‡a159.9 ‡xPsychologie ‡2Konspekt ‡917
072 7. ‡a37.016 ‡xUčební osnovy. Vyučovací předměty. Učebnice ‡2Konspekt ‡922
080 . ‡a159.9 ‡2MRF
080 . ‡a(075) ‡2MRF
08214. ‡a158
1001 . ‡aVágnerová, Marie, ‡d1946- ‡7jn99240001396 ‡4aut
24510. ‡aObecná psychologie : ‡bdílčí aspekty lidské psychiky a jejich orgánový základ / ‡cMarie Vágnerová
250 . ‡aVydání první
264 1. ‡aPraha : ‡bUniverzita Karlova, nakladatelství Karolinum, ‡c2016
300 . ‡a413 stran : ‡bilustrace ; ‡c21 cm
336 . ‡atext ‡btxt ‡2rdacontent
337 . ‡abez média ‡bn ‡2rdamedia
338 . ‡asvazek ‡bnc ‡2rdacarrier
504 . ‡aObsahuje bibliografii, bibliografické odkazy a rejstříky
65007. ‡aobecná psychologie ‡7ph123571 ‡2czenas
65009. ‡ageneral psychology ‡2eczenas
655 7. ‡aučebnice ‡7fd133770 ‡2czenas
655 9. ‡atextbooks ‡2eczenas
910 . ‡aABG450
901 . ‡a24664 ‡b ‡c24664 ‡tbiblio

Additional Resources